000 00309nam a22001337a 4500
008 171031b xxu||||| |||| 00| 0 eng d
020 _a9780077323134
041 _aeng
080 _23RD
_a33
100 _a59
101 _aBUS
245 _aESSENTIALS OF BUSINESS STATISTICS
_cBOWERMAN,B.L
942 _2udc
_cBK
999 _c36871
_d36871